| 000 | 00442nam a2200157Ia 4500 | ||
|---|---|---|---|
| 008 | 230718s9999 xx 000 0 und d | ||
| 041 | _aeng | ||
| 082 |
_a005.678 _bHAU |
||
| 100 |
_aHauschildt S. _9175376 |
||
| 245 |
_aCMS Made Simple 1.6 _bBeginner's Guide |
||
| 260 |
_c2010 _bPackt Publishing |
||
| 300 | _a347 | ||
| 365 |
_cRs. _b475.00 |
||
| 700 |
_aHauschildt S. _9175376 |
||
| 906 |
_dO:0143628-Dec-2010B:620712-Nov-2010 _cCOMP _b118.75 |
||
| 999 |
_c326778 _d326778 |
||